Statistics for 2012 Olympic Gymnasts

Click here to take the quiz!

General Stats

  • This quiz has been taken 267 times
    (37 since last reset)
  • The average score is 22 of 98

Answer Stats

CountryAnswer% Correct
United StatesGabrielle Douglas
93%
United StatesAly Raisman
85%
United StatesKyla Ross
81%
RussiaAliya Mustafina
74%
RomaniaCatalina Ponor
74%
CanadaEllie Black
74%
United StatesJordyn Wieber
74%
Great BritainBeth Tweddle
70%
ChinaHe Kexin
70%
United StatesMcKayla Maroney
70%
RussiaViktoria Komova
67%
VietnamThi Ngan Thuong Do
59%
ItalyVanessa Ferrari
59%
RomaniaSandra Izbasa
52%
RomaniaDiana Bulimar
48%
RomaniaLarisa Iordache
48%
RussiaMaria Paseka
48%
GermanyOksana Chusovitina
48%
ChinaDeng Linlin
44%
RussiaKsenia Afanasyeva
44%
ChinaSui Lu
44%
CanadaVictoria Moors
44%
GermanyElisabeth Seitz
41%
RussiaAnastasia Grishina
37%
AustraliaLauren Mitchell
37%
ItalyCarlotta Ferlito
33%
Great BritainHannah Whelan
33%
GermanyKim Bui
33%
Great BritainRebecca Tunney
33%
CanadaBrittany Rogers
30%
BrazilDaniele Hypolito
30%
SwitzerlandGiulia Steingruber
30%
Dominican RepublicYamilet Pena Abreu
26%
JapanAsuka Teramoto
19%
BrazilDaiane Dos Santos
19%
RomaniaDiana Chelaru
19%
ChinaHuang Qiushuang
19%
Great BritainJennifer Pinches
19%
VenezuelaJessica Lopez
19%
JapanKoko Tsurumi
19%
ChinaYao Jinnan
19%
ItalyElisabetta Preziosa
15%
ItalyErika Fasana
15%
BelgiumGaelle Mys
15%
Great BritainImogen Cairns
15%
AustraliaLarrissa Miller
15%
VietnamThi Ha Thanh Phan
15%
GreeceVasiliki Millousi
15%
CanadaDominique Pegg
11%
CanadaKristina Vaculik
11%
FranceYouna Dufournet
11%
FranceAnne Kuhm
7%
FranceAurelie Malaussena
7%
BrazilBruna Leal
7%
NetherlandsCeline Van Gerner
7%
MexicoElsa Garcia
7%
TurkeyGoksu Uctas
7%
GermanyJanine Berger
7%
SwedenJonna Adlerteg
7%
PolandMarta Pihan-Kulesza
7%
FranceSophia Serseri
7%
IsraelValeriia Maksiuta
7%
JapanYu Minobe
7%
SpainAna Maria Izurieta
4%
GuatemalaAna Sofia Gomez Porras
4%
FinlandAnnika Urvikko
4%
AustraliaAshleigh Brennan
4%
HungaryDorina Boczogo
4%
Hong KongHiu Ying Angel Wong
4%
ColombiaJessica Gil Ortiz
4%
GermanyNadine Jarosch
4%
JapanRie Tanaka
4%
EgyptSalma El Said Mohamed
4%
EgyptSherine El Zeiny
4%
AustriaBarbara Gasser
0%
UzbekistanDarya Elizarova
0%
AustraliaEmily Little
0%
BrazilEthiene Franco
0%
AustraliaGeorgia Bonora
0%
ItalyGiorgia Campana
0%
BrazilHarumy De Freitas
0%
SingaporeHeem Wei Lim
0%
KoreaHeo Seonmi
0%
Czech RepublicKristyna Palesova
0%
LithuaniaLaura Svilpaite
0%
Puerto RicoLorena Quinones
0%
SlovakiaMaria Homolova
0%
FranceMira Boumejmajen
0%
KazakhstanMoldir Azimbay
0%
BelarusNastassia Marachkouskaya
0%
UkraineNataliya Kononenko
0%
BulgariaRalitsa Mileva
0%
SloveniaSasa Golob
0%
ChileSimona Castro Lazo
0%
CroatiaTina Erceg
0%
ArgentinaValeria Pereyra
0%
JapanYuko Shintake
0%
PortugalZoi Lima
0%

Score Distribution

Percentile by Number Answered

Percent of People with Each Score

Your Score History

You have not taken this quiz since the last reset